| 000 | 00000nam 2200000zi 4500 |
| 001 | 9.925678 |
| 003 | CaOODSP |
| 005 | 20241203113656 |
| 006 | m o d f |
| 007 | cr |n||||||||| |
| 008 | 230719e20050712nfcdb o f|0| 0 eng d |
| 040 | |aCaOODSP|beng|erda|cCaOODSP |
| 043 | |an-cn-nf |
| 086 | 1 |aEn4-587/2005E-PDF |
| 100 | 1 |aLee, Eugene M., |eauthor. |
| 245 | 10|aMonitoring of a dredged disposal site, Great Mosquito Cove, Newfoundland : |bfinal report / |csubmitted by: Eugene Lee, AMEC Earth & Environmental Limited. |
| 264 | 1|aSt. John’s, Newfoundland : |bDepartment of the Environment, |cJuly 12, 2005. |
| 300 | |a1 online resource (iii, 25, [21] pages) : |bcharts, maps |
| 336 | |atext|btxt|2rdacontent |
| 337 | |acomputer|bc|2rdamedia |
| 338 | |aonline resource|bcr|2rdacarrier |
| 500 | |aDigitized edition from print [produced by Environment and Climate Change Canada]. |
| 500 | |a"TF4107658." |
| 650 | 0|aDredging spoil|xEnvironmental aspects|zNewfoundland and Labrador. |
| 650 | 0|aEnvironmental impact analysis|zNewfoundland and Labrador. |
| 650 | 0|aWaste disposal in the ocean|zNewfoundland and Labrador. |
| 650 | 6|aDéblais de dragage|xAspect de l'environnement|zTerre-Neuve-et-Labrador. |
| 650 | 6|aEnvironnement|xÉtudes d'impact|zTerre-Neuve-et-Labrador. |
| 650 | 6|aDéchets|xÉlimination dans la mer|zTerre-Neuve-et-Labrador. |
| 710 | 1 |aCanada. |bEnvironment Canada, |eissuing body. |
| 710 | 1 |aAMEC Earth and Environmental, |econsultant. |
| 856 | 40|qPDF|s1.98 MB|uhttps://publications.gc.ca/collections/collection_2024/eccc/en4/En4-587-2005-eng.pdf |